| 000 | 00748cab a2200181 4500 | ||
|---|---|---|---|
| 001 | ##L132211 | ||
| 008 | 060117n2006 000 0 eng u | ||
| 035 | _a(Sirsi) u132211 | ||
| 041 | 0 | _aeng | |
| 100 | 1 | _aRawlinson, Simon | |
| 245 | 0 | 0 |
_aSustainability _bon-site renewables |
| 260 | _c2006 | ||
| 490 | 0 |
_aBuilding _v270(8413) 13 January 2006, 56-57(2) |
|
| 520 | _aExamines the types and feasibility of on-site renewable energy options, including wind generators, building integrated photovoltaics, ground source heat pumps, borehole cooling, solar water heating and biomass boilers. Contains table comparing on-site renewables. | ||
| 590 | _aIKA170106 | ||
| 690 | _aENVIRONMENTAL AND LAND CONSULTANCY-ENERGY-RENEWABLE ENERGY | ||
| 942 | _n0 | ||
| 999 |
_c76365 _d76365 |
||